<?xml version="1.0" encoding="UTF-8"?>
<record
    xmlns:xsi="http://www.w3.org/2001/XMLSchema-instance"
    xsi:schemaLocation="http://www.loc.gov/MARC21/slim http://www.loc.gov/standards/marcxml/schema/MARC21slim.xsd"
    xmlns="http://www.loc.gov/MARC21/slim">

  <leader>01110nam a2200145   4500</leader>
  <datafield tag="999" ind1=" " ind2=" ">
    <subfield code="c">39432</subfield>
    <subfield code="d">39432</subfield>
  </datafield>
  <datafield tag="020" ind1=" " ind2=" ">
    <subfield code="a">9789383079056</subfield>
  </datafield>
  <datafield tag="082" ind1=" " ind2=" ">
    <subfield code="a">306.095416</subfield>
    <subfield code="b">KUM-S</subfield>
  </datafield>
  <datafield tag="100" ind1=" " ind2=" ">
    <subfield code="a">Kumar, B.B</subfield>
    <subfield code="e">Author.</subfield>
  </datafield>
  <datafield tag="245" ind1=" " ind2=" ">
    <subfield code="a">Social and Cultural Continuum in India:</subfield>
    <subfield code="b">with Special Focus on the Northest/</subfield>
    <subfield code="c"> B.B, Kumar</subfield>
  </datafield>
  <datafield tag="260" ind1=" " ind2=" ">
    <subfield code="a">Guwahati;</subfield>
    <subfield code="b">Viveknanada kendra Institute of culture,</subfield>
    <subfield code="c">2011.</subfield>
  </datafield>
  <datafield tag="300" ind1=" " ind2=" ">
    <subfield code="a">64p.</subfield>
    <subfield code="b">ill,</subfield>
  </datafield>
  <datafield tag="520" ind1=" " ind2=" ">
    <subfield code="a">The paper explores India's diverse social and cultural fabric, focusing on the unique dynamics of the northeastern region. It highlights the region's ethnic diversity, traditional practices, and integration into the broader Indian cultural continuum. Key themes include family structures, rituals, art, and festivals, alongside the influence of religion and historical migrations. It also examines modern challenges like preserving cultural heritage amid modernization and political influences. By addressing the interplay of tradition and change, the study underscores the region's critical role in shaping India's collective identity.</subfield>
  </datafield>
  <datafield tag="650" ind1=" " ind2=" ">
    <subfield code="a">Social and Cultural</subfield>
    <subfield code="v"> Diversity</subfield>
    <subfield code="z"> Northeastern region</subfield>
  </datafield>
  <datafield tag="942" ind1=" " ind2=" ">
    <subfield code="2">ddc</subfield>
    <subfield code="c">BK</subfield>
  </datafield>
  <datafield tag="952" ind1=" " ind2=" ">
    <subfield code="0">0</subfield>
    <subfield code="1">0</subfield>
    <subfield code="4">0</subfield>
    <subfield code="7">0</subfield>
    <subfield code="a">NASSDOC</subfield>
    <subfield code="b">NASSDOC</subfield>
    <subfield code="d">2024-03-21</subfield>
    <subfield code="e">Overseas Press India Limited</subfield>
    <subfield code="g">54.15</subfield>
    <subfield code="i">20-03-2024</subfield>
    <subfield code="l">1</subfield>
    <subfield code="o">306.095416 KUM-S</subfield>
    <subfield code="p">54424</subfield>
    <subfield code="r">2025-10-06 00:00:00</subfield>
    <subfield code="s">2025-10-06</subfield>
    <subfield code="v">75.00</subfield>
    <subfield code="y">BK</subfield>
  </datafield>
</record>
